000 00431nam a2200169Ia 4500
001 19408
003 IN-NITTTR
005 20251114233224.0
008 251113s9999||||xx |||||||||||||| ||eng||
040 _beng
040 _cIN-NITTTR
041 _aeng
082 _a005.265 W139M
100 _aWakerly, John F.
245 0 _aMicrocomputer architecture and programming :
_b the 68000 family /
_cWakerly, John F.
942 _2ddc
_cBK
999 _c22042
_d22042